Review of Medical Physiology (Record no. 773)

MARC details
000 -LEADER
Fixed length control field 00469nam a2200181Ia 4500
003 - CONTROL NUMBER IDENTIFIER
Control field IIN
005 - DATE AND TIME OF LATEST TRANSACTION
Control field 20240202120506.0
008 - FIXED-LENGTH DATA ELEMENTS--GENERAL INFORMATION
Fixed length control field 231217s9999 xx 000 0 und d
020 ## - INTERNATIONAL STANDARD BOOK NUMBER / ISBN
Price Rs.795.00
International Standard Book Number 9789374736791
040 ## - CATALOGING SOURCE
Original cataloging agency IIN
Language of cataloging English
082 ## - DEWEY DECIMAL CLASSIFICATION NUMBER
Classification number 612
Book Number RAM
100 1# - MAIN ENTRY--PERSONAL NAME
Personal name Ramachandra, D.L.
245 1# - TITLE STATEMENT
Title Review of Medical Physiology
Statement of responsibility D.L. Ramachandra
260 ## - IMPRINT
Name of publisher AITBS
Place of publication Delhi
Date of publication 2021
300 ## - PHYSICAL DESCRIPTION
Page / Vol. No 511 p.
650 1# - SUBJECT ADDED ENTRY--TOPICAL TERM
Topical term Physiology
Form subdivision Medical
942 ## - ADDED ENTRY ELEMENTS (KOHA)
Koha item type Books
Holdings
Withdrawn status Lost status Source of classification Damaged status Not for loan Collection code Home library Current library Date acquired Price Total Checkouts Call number Accession number Date last seen Price effective from Koha item type Shelving location
    Dewey Decimal Classification       IDEAL INSTITUTE OF NURSING IDEAL INSTITUTE OF NURSING 17/12/2023 795.00   612 RAM 768 17/12/2023 17/12/2023 Books  
    Dewey Decimal Classification     Purches Book IDEAL INSTITUTE OF NURSING IDEAL INSTITUTE OF NURSING 11/03/2025 895.00   612 RAM 1836 03/04/2025 03/04/2025 Books General Stacks
© Ideal Institute Of Nursing, All rights reserved.         Powered by Koha